| 000 | 00546nam a22001817a 4500 | ||
|---|---|---|---|
| 999 |
_c21305 _d21305 |
||
| 003 | AR-CdUCM | ||
| 008 | 190411b ||||| |||| 00| 0 spa d | ||
| 040 |
_aMUNICIPALIDAD PROVINCIAL DEL CUSCO _cBIBLIOTECA MUNICIPAL DEL CUSCO |
||
| 082 |
_aEP/869/B14 _bB14 |
||
| 100 |
_aBegazo Loaiza, Nancy _944472 |
||
| 245 | _aLecturas comprensivas de mi región / | ||
| 260 |
_aCusco ; _c2017. |
||
| 300 |
_a68 Páginas. : _c21 cm. |
||
| 650 |
_aLiteratura infantil _9588 |
||
| 650 |
_aLiteratura cusqueña _944463 |
||
| 942 |
_2ddc _cLIBROS |
||
| 945 | _aRoel | ||